000 00440nam a2200169Ia 4500
999 _c21351
_d21351
001 21032
003 PK-LaUMT
005 20221004165312.0
008 140408s9999 xx 000 0 und d
040 _cPK-LaUMT
082 _aW 658.4013
_bWOR-P
245 _aPerformance monitoring indicators:
_ba handbook for task managers
260 _aWashington,USA:
_bWorld Bank,
_c1996
300 _a46 p.
546 _aEN
942 _cWEEDED OUT
_2ddc